Protein cơ sở của sự sống T.1 Protein cơ sở của sự sống
Đã lưu trong:
| 主要作者: | |
|---|---|
| 格式: | 图书 |
| 语言: | Vietnamese |
| 出版: |
H.
Khoa học và kỹ thuật
1978
|
| 主题: | |
| 标签: |
添加标签
没有标签, 成为第一个标记此记录!
|
| Thư viện lưu trữ: | Mạng thư viện Đại học Đà Nẵng |
|---|
| LEADER | 01080nam a2200337 4500 | ||
|---|---|---|---|
| 001 | 000013337 | ||
| 003 | 9677 | ||
| 005 | 20120314080338.0 | ||
| 008 | 120314s1978 viesd | ||
| 020 | |c 60đ | ||
| 041 | 0 | |a vie | |
| 082 | |a 572 |b LE-D | ||
| 100 | 0 | |a Lê, Doãn Diên | |
| 245 | 1 | 0 | |a Protein cơ sở của sự sống |c Lê Doãn Diên |n T.1 |p Protein cơ sở của sự sống |
| 260 | |a H. |b Khoa học và kỹ thuật |c 1978 | ||
| 300 | |a 193 tr. |c 19 cm | ||
| 653 | |a Protein | ||
| 653 | |a Cơ sở | ||
| 653 | |a Sự sống | ||
| 773 | |t Prôtêin cơ sở của sự sống |w 9676 | ||
| 910 | |a duyên | ||
| OWN | |a LSP | ||
| AVA | |a UDN50 |b LSP |d 572 LE-D |e available |t Error 5001 Not defined in file expand_doc_bib_avail. |f 1 |g 0 |h N |i 0 |k 1 | ||
| 999 | |a From the UDN01 | ||
| AVA | |a UDN50 |b LSP |d 572 LE-D |e available |t Error 5001 Not defined in file expand_doc_bib_avail. |f 1 |g 0 |h N |i 0 |k 1 | ||
| TYP | |a Monograph | ||
| TYP | |a Printed language | ||
| 980 | |a Mạng thư viện Đại học Đà Nẵng | ||